00990cam a2200253 450000500170000000800410001702000150005804000290007304100080010204300120011008200180012210000420014024501110018226001140029330000600040735000110046750400300047865000260050870000360053470000350057070000540060571000490065974000280070820160104054239.0710129s1970 pauabf b 001 0 eng  a0870980270 aDLCcDLCdDLCdCO-BoIAVH0 aeng as------00a598.098bM61b1 aMeyer de Schauensee, Rodolphe,d1901-12aA guide to the birds of South America.cIllustrated by Earl L. Poole, John R. Quinn, and George M. Sutton. aWynnewood, Pa.,bPublished for the Academy of Natural Sciences of Philadelphia by Livingston Pub. Co.c[1970] axiv, 470 paginas.billustraciones., mapas.c22 x 15 cm. a$20.00 aBibliography: p. 435-436. aBirdszSouth America.1 aPoole, Earl L.,eilustraciones.1 aQuinn, John R.,eilustraciones1 aSutton, George Miksch,d1898-1982,eilustraciones2 aAcademy of Natural Sciences of Philadelphia.0 aBirds of South America.